000
00298nam a2200109Ia 4500
008
190914s9999||||xx |||||||||||||| ||und||
100
_a
Munir ,Arshad
245
0
_a
International Bhurban Conference on Applied Science and Technology
260
_a
USA
_b
McGraw Hill
_c
1998
300
_a
218
942
_c
BK
999
_c
8423
_d
8423